<?xml version="1.0" encoding="UTF-8"?>
<record
    xmlns:xsi="http://www.w3.org/2001/XMLSchema-instance"
    xsi:schemaLocation="http://www.loc.gov/MARC21/slim http://www.loc.gov/standards/marcxml/schema/MARC21slim.xsd"
    xmlns="http://www.loc.gov/MARC21/slim">

  <leader>01019    a2200181   4500</leader>
  <controlfield tag="003">Nust</controlfield>
  <controlfield tag="005">20230712125336.0</controlfield>
  <datafield tag="040" ind1=" " ind2=" ">
    <subfield code="c">Nust</subfield>
  </datafield>
  <datafield tag="082" ind1=" " ind2=" ">
    <subfield code="a">530.12,SCH</subfield>
  </datafield>
  <datafield tag="100" ind1=" " ind2=" ">
    <subfield code="a">Schiff, Leonard I.</subfield>
    <subfield code="9">82584</subfield>
  </datafield>
  <datafield tag="245" ind1=" " ind2=" ">
    <subfield code="a">Quantum mechanics /</subfield>
    <subfield code="c">Leonard I. Schiff</subfield>
  </datafield>
  <datafield tag="250" ind1=" " ind2=" ">
    <subfield code="a">2nd ed.</subfield>
  </datafield>
  <datafield tag="260" ind1=" " ind2=" ">
    <subfield code="a">London</subfield>
    <subfield code="b">McGraw-Hill</subfield>
    <subfield code="c">1955</subfield>
  </datafield>
  <datafield tag="300" ind1=" " ind2=" ">
    <subfield code="a">417 p.</subfield>
  </datafield>
  <datafield tag="505" ind1=" " ind2=" ">
    <subfield code="a">The Physical Basis of Quantum Mechanics (Page-1), The Schrodinger Wave Equation (Page-17), Eigenfucation and Eigen values (Page-41), Discrete Eigen values Energy Levels (Page-60), Continuous Eigen values Collision Theory (Page-92), Matrix Formation of Quantum Mechanics (Page-122), Approximation Methods for Station Problems (Page-151), Approximation Methods for Time Dependent Problems (Page-195), Identical Particles and Spin (Page-222), Atoms Molecules and Nuclei (Page-277), Relativistic Wave Equations (Page-318), The Quantization of Wave Fields (Page-342), Quantum Electrodynamics (Page-373). </subfield>
  </datafield>
  <datafield tag="650" ind1=" " ind2=" ">
    <subfield code="a">Quantum mechanics</subfield>
    <subfield code="9">1526</subfield>
  </datafield>
  <datafield tag="942" ind1=" " ind2=" ">
    <subfield code="2">ddc</subfield>
    <subfield code="c">BKB </subfield>
  </datafield>
  <datafield tag="999" ind1=" " ind2=" ">
    <subfield code="c">180602</subfield>
    <subfield code="d">180602</subfield>
  </datafield>
  <datafield tag="952" ind1=" " ind2=" ">
    <subfield code="0">0</subfield>
    <subfield code="1">0</subfield>
    <subfield code="2">ddc</subfield>
    <subfield code="4">0</subfield>
    <subfield code="7">0</subfield>
    <subfield code="a">MCS</subfield>
    <subfield code="b">MCS</subfield>
    <subfield code="c">GEN</subfield>
    <subfield code="d">2016-12-12</subfield>
    <subfield code="o">530.12,SCH</subfield>
    <subfield code="p">MCS6330</subfield>
    <subfield code="r">2016-12-08</subfield>
    <subfield code="w">2016-12-12</subfield>
    <subfield code="y">BK</subfield>
    <subfield code="z">Almirah No.77, Shelf No.2</subfield>
  </datafield>
  <datafield tag="952" ind1=" " ind2=" ">
    <subfield code="0">0</subfield>
    <subfield code="1">0</subfield>
    <subfield code="2">ddc</subfield>
    <subfield code="4">0</subfield>
    <subfield code="7">0</subfield>
    <subfield code="a">MCS</subfield>
    <subfield code="b">MCS</subfield>
    <subfield code="c">GEN</subfield>
    <subfield code="d">2023-07-12</subfield>
    <subfield code="o">530.12,SCH</subfield>
    <subfield code="p">MCS22291</subfield>
    <subfield code="r">2023-07-12</subfield>
    <subfield code="w">2023-07-12</subfield>
    <subfield code="y">BK</subfield>
    <subfield code="z">Almirah No.77, Shelf No.2</subfield>
  </datafield>
  <datafield tag="952" ind1=" " ind2=" ">
    <subfield code="0">0</subfield>
    <subfield code="1">0</subfield>
    <subfield code="2">ddc</subfield>
    <subfield code="4">0</subfield>
    <subfield code="7">0</subfield>
    <subfield code="a">MCS</subfield>
    <subfield code="b">MCS</subfield>
    <subfield code="c">GEN</subfield>
    <subfield code="d">2025-09-12</subfield>
    <subfield code="l">0</subfield>
    <subfield code="o">530.12,SCH</subfield>
    <subfield code="p">MCS6325</subfield>
    <subfield code="r">2025-09-12</subfield>
    <subfield code="w">2025-09-12</subfield>
    <subfield code="y">BK</subfield>
    <subfield code="z">Almirah No.77, Shelf No.3</subfield>
  </datafield>
  <datafield tag="952" ind1=" " ind2=" ">
    <subfield code="0">0</subfield>
    <subfield code="1">0</subfield>
    <subfield code="2">ddc</subfield>
    <subfield code="4">0</subfield>
    <subfield code="7">0</subfield>
    <subfield code="a">MCS</subfield>
    <subfield code="b">MCS</subfield>
    <subfield code="c">GEN</subfield>
    <subfield code="d">2025-09-12</subfield>
    <subfield code="l">0</subfield>
    <subfield code="o">530.12,SCH</subfield>
    <subfield code="p">MCS6259</subfield>
    <subfield code="r">2025-09-12</subfield>
    <subfield code="w">2025-09-12</subfield>
    <subfield code="y">BK</subfield>
    <subfield code="z">Almirah No.77, Shelf No.3</subfield>
  </datafield>
</record>
